skbl

Dr Suryya Kumar Bhuyan Library Web-OPAC
ডঃ সূৰ্য্য
কুমাৰ ভূঞা পুথিভঁৰাল ৱেব-অ'পেক

All Research Scholars are advised to clear the annual library fees to continue using Library Resources, Remote Access, Plagiarism Test and Library Clearance.

Cotton University Book Fair 2026

Pohoror Path / (Record no. 9375)

MARC details
000 -LEADER
fixed length control field 00689nam a2200265Ia 4500
001 - CONTROL NUMBER
control field 9388
005 - DATE AND TIME OF LATEST TRANSACTION
control field 20240113234203.0
007 - PHYSICAL DESCRIPTION FIXED FIELD--GENERAL INFORMATION
fixed length control field ta
008 - FIXED-LENGTH DATA ELEMENTS--GENERAL INFORMATION
fixed length control field 050725s1963 g b000 u asm u
040 ## - CATALOGING SOURCE
Original cataloging agency Cotton College,Assam
041 ## - LANGUAGE CODE
Language code of text/sound track or separate title asm
082 ## - DEWEY DECIMAL CLASSIFICATION NUMBER
Classification number 297.9924
Item number P 573 P
100 ## - MAIN ENTRY--PERSONAL NAME
Personal name Piyar, Alimunnisa .
245 #0 - TITLE STATEMENT
Title Pohoror Path /
Statement of responsibility, etc. Alimunnisa Piyar.
Medium Textual Documents
250 ## - EDITION STATEMENT
Edition statement 1st ed. /
260 ## - PUBLICATION, DISTRIBUTION, ETC.
Place of publication, distribution, etc. Guwahati :
Name of publisher, distributor, etc. Nabi Prakash ,
Date of publication, distribution, etc. 1963.
300 ## - PHYSICAL DESCRIPTION
Extent 150p. ;
Dimensions 22cm.
653 ## - INDEX TERM--UNCONTROLLED
Uncontrolled term Assamese-Religion-Islam
653 ## - INDEX TERM--UNCONTROLLED
Uncontrolled term Religious Literature
653 ## - INDEX TERM--UNCONTROLLED
Uncontrolled term Religion-Islam
653 ## - INDEX TERM--UNCONTROLLED
Uncontrolled term MS-Assamese
942 ## - ADDED ENTRY ELEMENTS (KOHA)
Source of classification or shelving scheme Dewey Decimal Classification
Koha item type Books
Holdings
Withdrawn status Lost status Damaged status Not for loan Collection Home library Current library Date acquired Coded location qualifier Total checkouts Full call number Barcode Date last seen Copy number Price effective from Koha item type
          Dr. Suryya Kumar Bhuyan Library Dr. Suryya Kumar Bhuyan Library 01/02/2012 00000   297.9924 P 573 P 51384 13/01/2024 1 01/02/2012 Books

Designed and Maintained by Team SKBL
©1901-2026

Powered by Koha